000 00500nam a22001817a 4500
005 20251108171003.0
008 250721s1985 xx 000 0 ara d
082 1 4 _aم/591/حيو
245 1 0 _aالحيوان /
264 1 _aجنيف :
_bشركة ترادكسيم،
_c1985.
300 _a160ص : مصور
490 0 _aكتاب المعرفة
650 1 7 _aالتاريخ
650 1 7 _aالحضارة
653 _aناشئون صغار (10-14) سنة
942 _2ddc
_cREF
999 _c53759
_d53759